000 00779nam a22002177a 4500
005 20260415082534.0
008 260415b mx |||||||| |||| 00| 0 spa d
020 _a9681839250
050 0 4 _aQA95
_bN67 1991
100 1 _aNorthrop, Eugene P.
240 1 0 _aRiddles in mathematics
_lespañol
245 1 0 _aParadojas matemáticas
_c / Eugene P. Northrop ; traducción Ricardo Ortiz Vázquez.
250 _a2a ed.
260 _aMéxico :
_bLimusa;
_bUnión Tipográfica Editorial Hispano-Americana,
_c1991
300 _axi, 355 p. :
_bil. ;
_c17 cm.
490 0 _aCiencias Matemáticas ;
_aManual UTEHA ;
_v18
504 _aBibliografía : p. 337-348 e índice
650 7 _2lemb
_aMatemáticas recreativas
700 1 _aOrtíz Vázquez, Ricardo,
_etraductor
942 _2lcc
_cLIB
999 _c5024
_d5024